000 00618cam a22002171 4500
001 ca 36000273
003 DLC
005 20260227111140.0
008 790317s1936 xx 000 0 eng
010 _aca 36000273
035 _a(OCoLC)4751905
040 _aDLC
_cOCl
_dDLC
042 _apremarc
050 0 0 _aPN6120.A5
_bC638
080 _a812.5
100 1 _aCook, Imogene.
245 1 4 _aThe contest play;
_ba comedy in one act,
_cby Imogene Cook.
260 _aBoston, Mass.,
_aLos Angeles, Cal.
_b[Walter H. Baker company,
_cc1936]
300 _a16 p.
_bdiagr.
_c19 cm.
490 0 _aBakers's plays for amateurs
999 _c18055
_d18055